000 00955pam a22002774a 4500
003 PILC
005 20150303085629.0
008 070627s2007 si a b 001 0 eng
010 _a2007277292
020 _a9789812729576
050 0 0 _aRC 440
_b.K44 2012
100 1 _aKeltner, Norman L.
245 1 0 _aKeltner's psychiatric nursing /
_cNorman L. Keltner, Carol E. Bostrom, Teena M. McGuinness ; editor of the Philippine ed., Nenita Davadilla.
250 _bPhilippine ed., adapted ed.
260 _aSingapore :
_bElsevier,
_cc2012.
300 _axix, 540 pages :
_billustrations ;
_c28 cm.
500 _aOriginally published: [S. l.] : Mosby/Elsevier, 1991.
521 _aNursing
650 0 _aPsychiatric nursing
_zPhilippines.
650 0 _aPsychotherapy
_zPhilippines.
650 0 _aNurse and patient
_zPhilippines.
700 1 _aBostrom, Carol E.
700 1 _aMcGuinness, Teena M.
700 1 _aDavadilla, Nenita Y.
942 _2lcc
_cBK
999 _c283688
_d283688